The NEW Family Guy Characters Quiz - Statistics

General Stats
  • This quiz has been taken 1,121 times
  • The average score is 33 of 80
Answer Stats
Hint Answer % Correct
The Griffins Lois
99%
The Griffins Peter
99%
The Griffins Chris
98%
The Griffins Meg
98%
The Griffins Stewie
98%
The Griffins Brian
97%
The Swansons Joe
93%
The Swansons Bonnie
92%
The Pewterschmidts Carter
90%
The Browns Cleveland
90%
The Quagmires Glenn
89%
The Goldmans Mort
87%
Channel 5 News Tom Tucker
85%
The Browns Loretta
84%
The Goldmans Neil
79%
Channel 5 News Diane Simmons
75%
The Pewterschmidts Barbara
73%
Spooner Street Resident John Herbert
70%
Channel 5 News Ollie Williams
70%
The Swansons Susie
67%
The Swansons Kevin
65%
The Browns Cleveland Jr.
64%
Peter's Co-workers Angela
63%
School Student Connie D'Amico
63%
Peter's Co-workers Opie
62%
The Goldmans Muriel
60%
Channel 5 News Tricia Takanawa
56%
Others Mayor Adam West
50%
Channel 5 News Joyce Kinney
49%
Peter's Co-workers Mr. Weed
48%
The Pewterschmidts Patrick
47%
The Pewterschmidts Carol
45%
The Quagmires Dan/Ida
45%
Others Ernie the Giant Chicken
40%
Others Jasper
39%
The Griffins Francis
38%
Others Seamus Levine
38%
Others Dr. Hartman
35%
Others Greased-up Deaf Guy
35%
The Griffins Thelma
31%
Others Bertram
30%
Others James Woods
30%
Others Jerome
29%
Others Consuela
28%
Others Evil Monkey
28%
Others Carl
27%
Others Jillian Russell
27%
The Griffins Vinny
27%
Others Kool-Aid Man
26%
Others Horace
25%
Others Bruce
24%
Others Jake Tucker
23%
Others Rupert
23%
Others Death
22%
Others Mickey McFinnigan
21%
The Quagmires Brenda
18%
The Quagmires Anna Lee
17%
Others Al Harrington
14%
Peter's Co-workers Pasqual
12%
Others Patty
12%
Others Principal Shepard
12%
Peter's Co-workers Stella
12%
Others The Court Judge
12%
Others Dylan Flannigan
11%
Peter's Co-workers Fouad
11%
Others Biscuit
10%
Others Buzz Killington
10%
Peter's Co-workers Santos
10%
Others Jim/Doug Kaplan
9%
Others Ruth
9%
Others James William Bottomtooth
7%
Others Paddy Tanniger
6%
Others Johnny
5%
Others Phineas
5%
Others Vern
5%
Others Barnaby
4%
Others Bellgarde
4%
Others Conway Twitty
4%
Others Tomak
4%
Others Barbershop Quartet
3%
No matching quizzes found
Score Distribution
Percent of People with Each Score
Percentile by Number Answered
Your Score History
You have not taken this quiz